01557nam a22002417a 450000500170000000800410001702000180005804000070007604100120008308200170009510000270011224500220013926000360016130000290019752008200022665000300104665000210107665000220109770000270111994200120114699900190115895201380117720260526091942.0260522b |||||||| |||| 00| 0 eng d a9780451529060 cAL aEnglish a576.82bDARO aCharles Darwin9264549 aOrigin of species aNew YorkbSignet Classicsc2003 axxix,545p.bPBc17x10 cm aCharles Darwin’s classic that exploded into public controversy, revolutionized the course of science, and continues to transform our views of the world. Few other books have created such a lasting storm of controversy as The Origin of Species. Darwin’s theory that species derive from other species by a gradual evolutionary process and that the average level of each species is heightened by the “survival of the fittest” stirred up popular debate to fever pitch. Its acceptance revolutionized the course of science. As Sir Julian Huxley, the noted biologist, points out in his illuminating introduction, the importance of Darwin’s contribution to modern scientific knowledge is almost impossible to evaluate: “a truly great book, one which can still be read with profit by professional biologist.” aLaws of Variation9264384 aInstinct9264385 aHybridism9264386 aHuxley, Julian9264387 2ddccDB c241488d241488 00102ddc40708BTaALbALd2026-03-04l0o576.82 DAROpD06410r2026-05-22 14:54:51w2026-05-22yDBzDonated by Fr Royston Madtha SJ